000 00804nas a2200265 4500
001 BR2010000630
003 BR-BrBNA
005 20231205113908.0
007 ta
008 230509b bl.|||p| |||| 00| 00por d
040 _aBR-BrBNA
_bpor
_cBiblioteca Nacional de Agricultura
041 _a(Pt)
072 _aH10
100 1 _aSousa, C. da S.
100 1 _aSoares, A.C.F.
100 1 _aGarrido, M. da S.
100 1 _aLima, F. de S.
245 1 _aEstreptomicetos no controle de Scutellonema bradys em túberas de inhame
650 _aINHAME
650 _aNEMATÓIDE
650 _aCONTROLE BIOLÓGICO
773 0 _tRevista Ciência Agronômica (Brazil)
_xISSN 0045-6888
_g(Oct-Dec 2009), v. 40(4) p. 486-491
_wBR2010000630
909 _a202311
_bLúcia
_c55
_dLúcia Elande
942 _2AGRIS
_n0
_cANA
999 _c206164
_d206164